000
002820000a22000970004500
100
1
_a
Bascom, Roberto
245
1
0
_a
La crítica textualy la Biblia hebrea
300
_a
Vol.60, núm.277 (Noviembre, diciembre, 2005), Páginas 19-23
773
0
_t
La Biblia de las Américas
942
_c
ANA
999
_c
61622
_d
61622